| 000 | 00651nam a2200205Ia 4500 | ||
|---|---|---|---|
| 003 | IN-BaIIA | ||
| 008 | 211028s9999 xx 000 0 eng d | ||
| 040 | _cIIA Library | ||
| 080 |
_a52 _bHYN |
||
| 100 |
_aHynek, Allen J. _95372 |
||
| 245 | 0 |
_aChallenge of the universe _ba vistas of science book _cAllen J. Hynek and Norman.D. Anderson |
|
| 260 |
_aNew York _bMcGraw-Hill _c1962 |
||
| 300 | _a143p. | ||
| 650 |
_aAstronomy _980 |
||
| 650 | _aAstronomy and Astrophysics Thesaurus | ||
| 650 |
_aUniverse _91987 |
||
| 700 |
_aAnderson, Norman.D. _95373 |
||
| 700 |
_aAnderson, Norman.D. _95373 |
||
| 942 | _cBK | ||
| 999 |
_c3024 _d3024 |
||